000 00856cac a2200289 a 4500
003 CO-PeBPM
005 20250213153329.0
007 ta
008 240613s1987c]|ck ax ||||||||||||||spaund||
020 _aISBN 3540179305
020 _aISBN 0387179305
040 _aCO-PeBPM
_bspa
_cCO-PeBPM
_erda
041 _aspa
082 0 4 _a616.969 N798m
_222
100 1 0 _aNolting, S.
_eautor
245 1 0 _aMicología médica
_c/ S. Nolting, K. Fegeler
250 _a3
260 _aNew York (State). London :
_b: Springer-Verlag
_c, 1987
300 _a190 páginas
_bilustraciones a color
_c18,5 centímetros
500 _aIncluye índice y glosario
504 _aBibliografía: p. 177-181
650 1 4 _aMicología médica
_2LEMB
650 1 4 _aMicosis
_2LEMB
650 1 4 _aHongos Patogenos
_2LEMB
700 _aFegeler, Klaus, Coaut.
942 _2ddc
_cBK
_n0
999 _c60525
_d60525